Základy modernej ekonómie

Saved in:
Bibliographic Details
Main Author: Hontyová, Kajetána
Other Authors: Lisý, Ján
Format: Book
Language:Slovak
Published: Bratislava Elita 1994
Subjects:
Tags: Add Tag
No Tags, Be the first to tag this record!

MARC

LEADER 00000nam a2200000 4500
001 c005248
005 20221128074723.9
020 |a 80-85323-60-5 
041 0 |a slo 
044 |a SK 
245 1 0 |a Základy modernej ekonómie  |c Kajetána Hontyová, Ján Lisý 
264 1 |a Bratislava  |b Elita  |c 1994 
300 |a 152 s. 
610 2 0 |a ekonómia 
610 2 0 |a makroekonomika 
610 2 0 |a mikroekonomika 
610 2 0 |a hospodárstvo trhové 
610 2 0 |a dopyt 
610 2 0 |a ponuka 
610 2 0 |a ceny 
610 2 0 |a podnik 
610 2 0 |a konkurencia 
610 2 0 |a pôda 
610 2 0 |a renta 
610 2 0 |a práca 
610 2 0 |a mzdy 
610 2 0 |a kapitál 
610 2 0 |a zisk 
610 2 0 |a úrok 
610 2 0 |a teórie ekonomické 
610 2 0 |a politika hospodárska 
610 2 0 |a politika peňažná 
610 2 0 |a politika fiškálna 
610 2 0 |a vzťahy hospodárske medzinárodné 
610 2 0 |a sústava menová 
610 2 0 |a integrácia ekonomická 
610 2 0 |a grafy 
100 1 |a Hontyová, Kajetána 
700 1 |a Lisý, Ján